000
00294nam a2200121Ia 4500
008
190216s9999||||xx |||||||||||||| ||und||
100
_a
Alexis Leon & Mathews Leon
245
0
_a
Emailin A Nut Shell
260
_b
Leon Tech World
300
_a
67 p
650
_a
Computer Science
942
_c
BK
999
_c
8623
_d
8623